Harry Potter e la Pietra Filosofale - Capitoli - Statistics

Statistiche generali
  • Questo quiz è stato fatto 108 volte
  • Il punteggio medio è 11 su 17
Statistiche sulle risposte
Capitolo % Corretto
5 Diagon Alley
83%
6 Il binario nove e tre quarti
72%
16 La botola
72%
10 Halloween
70%
7 Il Cappello Parlante
70%
11 Il Quidditch
70%
3 Lettere da nessuno
70%
2 Vetri che scompaiono
70%
1 Il bambino sopravvissuto
69%
17 L'uomo dai due volti
69%
15 La foresta proibita
67%
4 Il custode delle chiavi
63%
13 Nicolas Flamel
63%
8 Il maestro delle Pozioni
59%
12 Lo specchio delle brame
59%
14 Norberto, drago Dorsorugoso di Norvegia
54%
9 Il duello di mezzanotte
52%
Nessun quiz corrispondente trovato
Distribuzione punteggi
Percentuale di utenti per punteggio
Percentile per numero di risposta
I tuoi punteggi nel tempo
Non hai fatto questo quiz